Análisis de la eficiencia de un biofiltro aeróbico en el tratamiento de aguas residuales por medio de la instalación de un modelo a escala
שמור ב:
| מחבר ראשי: | |
|---|---|
| פורמט: | ספר |
| יצא לאור: |
San José, C.R.,
2000
|
| נושאים: | |
| תגים: |
הוספת תג
אין תגיות, היה/י הראשונ/ה לתייג את הרשומה!
|
MARC
| LEADER | 00000nam a2200000Ia 4500 | ||
|---|---|---|---|
| 003 | 008656 | ||
| 005 | 20221231144204.0 | ||
| 008 | 140114s2001 cr a m 000 ||s d | ||
| 040 | |c cru CEDI | ||
| 090 | |a TFG 4263 | ||
| 100 | |a Rojas Pastrana, Juan José |9 7911 | ||
| 245 | |a Análisis de la eficiencia de un biofiltro aeróbico en el tratamiento de aguas residuales por medio de la instalación de un modelo a escala | ||
| 260 | |c 2000 |a San José, C.R., | ||
| 300 | |a 123 hojas : ilustraciones (algunas a color) | ||
| 500 | |a Tesis (licenciatura en ingeniería civil)--Universidad de Costa Rica. Facultad de Ingeniería. Escuela de Ingeniería Civil | ||
| 650 | |x BIODEGRADACION DE AGUAS RESIDUALES |x AGUAS RESIDUALES |x INDUSTRIA LECHERA |x PURIFICACION DE AGUAS RESIDUALES |9 7912 | ||
| 942 | |c TFG | ||
| 999 | |c 18173 |d 18173 | ||
